000 00669nam a2200229 i 4500
001 12786
003 ES-MaACL
005 20250911062823.0
007 t|
008 920213s1991 sp ||||0| spa d
020 _a84-7522-264-1
080 _a821.134.2(82)-1"19"
100 1 _aMolina, Enrique,
_d1910-1996
_9156693
245 1 0 _aAntología poética /
_cEnrique Molina ; edic. de E. Espejo.
260 _aMadrid :
_bVisor,
_c[1991]
300 _a238 p. ;
_c20 cm.
490 1 _aColección Visor de poesía ;
_v264
700 1 _aEspejo, E.
_947794
830 0 _aColección Visor de poesía
_v264
_9177331
852 _aES-MaACL
_jL-19936
999 _c12786
_d12786